English for political education /

Guardado en:
Detalles Bibliográficos
Autor principal: Lê Thuý Hằng.
Otros Autores: Trần Thị Bình.
Formato: Sách giấy
Lenguaje:English
Publicado: TP. HCM : Đại học Sư phạm, 2002.
Materias:
Etiquetas: Agregar Etiqueta
Sin Etiquetas, Sea el primero en etiquetar este registro!
Thư viện lưu trữ: Thư viện Trường Đại học Đà Lạt
LEADER 00798nam a2200325 4500
001 DLU110120406
005 ##20110429
040 # # |a DLU  |b vie 
041 # # |a eng 
044 # # |a vn 
082 # # |a 428  |b LE-H 
100 # # |a Lê Thuý Hằng. 
245 # # |a English for political education /  |c Lê Thuý Hằng, Trần Thị Bình. 
260 # # |a TP. HCM :  |b Đại học Sư phạm,  |c 2002. 
300 # # |a 127 tr. ;  |c 30 cm. 
504 # # |a Tài liệu tham khảo: tr.127. 
653 # # |a Bài tập 
653 # # |a Tiếng Anh 
700 # # |a Trần Thị Bình. 
923 # # |a 05/2011 
991 # # |a GT 
992 # # |a 10000 
994 # # |a DLU 
900 # # |a True 
911 # # |a Đào Thị Thu Huyền 
925 # # |a G 
926 # # |a A 
927 # # |a SH 
980 # # |a Thư viện Trường Đại học Đà Lạt